LIBRARY & INFORMATION CENTRE, KCAET, TAVANUR

ONLINE PUBLIC ACCESS CATALOGUE (OPAC)

Liquid propellent rockets / (Record no. 8704)

MARC details
000 -LEADER
fixed length control field 00502cam a2200193ua 4500
041 ## - LANGUAGE CODE
Language code of text/sound track or separate title eng
082 ## - DEWEY DECIMAL CLASSIFICATION NUMBER
Classification number 629.132
Item number ALJ/LI
100 ## - MAIN ENTRY--AUTHOR NAME
Personal name Altman, David .
245 ## - TITLE STATEMENT
Title Liquid propellent rockets /
250 ## - EDITION STATEMENT
Edition statement 1 /
260 ## - PUBLICATION, DISTRIBUTION, ETC. (IMPRINT)
Place of publication Newjersey :
Name of publisher Princeton university press ,
Year of publication 1960.
300 ## - PHYSICAL DESCRIPTION
Number of Pages 189 ; .
700 1# - ADDED ENTRY--PERSONAL NAME
Personal name Carter, James M .
700 1# - ADDED ENTRY--PERSONAL NAME
Personal name Penner, S S .
700 1# - ADDED ENTRY--PERSONAL NAME
Personal name Summerfield, Martin .
942 ## - ADDED ENTRY ELEMENTS (KOHA)
Koha item type Books
Holdings
Withdrawn status Lost status Damaged status Home library Current library Date acquired Full call number Accession Number Koha item type
      KAUAET KAUAET 07/04/2012 629.132 3540 Books
free website counter